000 00487cam a22001337a 4500
008 180718b2001 xxu||||| |||| 00| 0 eng d
082 _aA81x54 01/36/PAP1/01
100 _aCensus of India 2001
245 _aAndaman and Nicobar Islands: provisional population totals
260 _aDelhi
_bThe Controller of Publications
_c2001
300 _a54+p.
440 _aCensus of India 2001. Series-36, Andaman and Nicobar Islands. Paper 1 of 2001
650 _aAndaman and Nicobar Islands - Census
999 _c490885
_d490885